000 00501nam a2200205Ia 4500
999 _c54682
_d54682
003 0100
005 20170718144851.0
008 130303s9999 xx 000 0 und d
040 _cARRUPELIB
050 _aB803.H8 1952
100 _aHubben, William
_933248
245 _aDostoevsky, Kierkegaard, Nietzsche, and Kafka
245 _bfour prophets of our destiny
260 _bCollier Books
_aNew York
_c1952
300 _a188p.
300 _b 18cm.
650 _aExistentialism
_91759
942 _2lcc
_cMONOGRAPH